Stations de l'ex-ligne C du tram de Bordeaux - Statistiques

Statistiques générales
  • Ce quiz a été pris 13 fois
  • Le résultat moyen est 20 sur 35
Statistiques - réponses
Hint Réponse % Correct
D SNCF Gare Saint-Jean
90%
D Place de la Bourse
90%
A D Porte de Bourgogne
90%
B D Quinconces
80%
D Sainte-Croix
80%
D Saint-Michel
80%
D Tauzia
80%
D Belcier
70%
SNCF Gare de Blanquefort
70%
Grand Parc
70%
Jardin Public
70%
La Belle Rose
70%
Terres Neuves
70%
D Carle Vernet
60%
SNCF Gare de Bègles
60%
SNCF Gare de Bruges
60%
Les Aubiers
60%
Parc des Expositions / Stade Matmut Atlantique
60%
Stade Musard
60%
Villenave Pyrénées
60%
Berges du Lac
50%
Camille Godard
50%
Cracovie
50%
Emile Counord
50%
La Vache
50%
Parc de Mussonville
50%
Quarante Journaux
50%
Ausone
40%
Lycée Vaclav Havel
40%
Place Paul Doumer
40%
Place Ravezies
40%
Frankton
30%
Palais des Congrès
30%
Calais Centujean
20%
Villenave - Centre Pont de la Maye
20%
Aucun quiz correspondant
Distribution des résultats
% des personnes avec chaque résultat
Percentile par nombre de réponses
Votre historique - résultats
Vous n’avez pas pris ce quiz